Full Speen Ahead (EPIC: The Musical) - All Lyrics - Statistics

General Stats
  • This quiz has been taken 23 times
  • The average score is 299 of 336
Answer Stats
Hint Answer % Correct
a
100%
an
100%
ODYSSEUS And
100%
and
100%
between
100%
But
100%
but
100%
command
100%
distance
100%
for
100%
go
100%
homeland
100%
hundred
100%
I
100%
in
100%
is
100%
it
100%
SOLDIERS It's
100%
kingdom
100%
lies
100%
SOLDIERS Make
100%
make
100%
me
100%
men
100%
mind
100%
my
100%
ODYSSEUS My
100%
no
100%
ODYSSEUS No
100%
not
100%
one
100%
our
100%
ODYSSEUS Penelope's
100%
problem's
100%
EURYLOCHUS | ODYSSEUS | SOLDIERS Six
100%
six
100%
the
100%
SOLDIERS The
100%
to
100%
under
100%
waitin'
100%
waiting
100%
what
100%
alive
92%
back
92%
birds
92%
EURYLOCHUS | POLITES | SOLDIERS Captain
92%
eat
92%
feed
92%
fly
92%
for me
92%
goal
92%
island
92%
land
92%
mouths
92%
of
92%
only
92%
out
92%
ODYSSEUS Polites
92%
see
92%
ODYSSEUS There
92%
ODYSSEUS | SOLDIERS They
92%
us
92%
ODYSSEUS | SOLDIERS Watch
92%
we
92%
We
92%
SOLDIERS We're
92%
we're
92%
where
92%
will
92%
With
92%
with
92%
ahead
83%
away
83%
big
83%
can
83%
SOLDIERS Eurylochus
83%
fire
83%
food
83%
full
83%
Full
83%
Ithaca's
83%
lead
83%
POLITES Look
83%
miles
83%
Now
83%
off
83%
open
83%
place
83%
plan
83%
run
83%
say
83%
sea
83%
second
83%
So
83%
speed
83%
supplies
83%
there's
83%
up
83%
war
83%
we've
83%
what's
83%
who
83%
burn
75%
don't
75%
faintly
75%
first
75%
gear
75%
ODYSSEUS Give
75%
glows
75%
have
75%
hunt
75%
if
75%
I'll
75%
know
75%
light
75%
Maybe
75%
people
75%
return
75%
smoke
75%
some
75%
strike
75%
sunrise
75%
that
75%
Then
75%
this
75%
way
75%
we'll
75%
whole
75%
You
75%
dead
67%
ends
67%
feels
67%
find
67%
here
67%
knows
67%
lighting
67%
reasons
67%
share
67%
should
67%
ODYSSEUS Something
67%
take
67%
they'll
67%
til
67%
try
67%
depleted
58%
let's
58%
raid
58%
they're
58%
time
58%
waste
58%
SOLDIERS Curse
50%
store's
42%
No matching quizzes found
Score Distribution
Percent of People with Each Score
Percentile by Number Answered
Your Score History
You have not taken this quiz